Soccer... ou football? - Statistiques

Statistiques générales
  • Ce quiz a été pris 833 fois
  • Le résultat moyen est 8 sur 20
Statistiques - réponses
Question Réponse % Correct
Etats-Unis Soccer
84%
France Football
78%
Royaume-Uni Football
72%
Bresil Football
71%
Mexique Football
56%
Norvège Football
56%
Nigeria Football
52%
Australie Soccer
45%
Benin Football
42%
Indonesie Autre
34%
Corée du Sud Autre
32%
Inde Football
32%
Myanmar Autre
30%
Chine Football
27%
Nouvelle-Zélande Soccer
23%
Afrique du Sud Soccer
21%
Japon Soccer
19%
Irlande Soccer
15%
Italie Autre
14%
Papouasie Nouvelle Guinée Soccer
8%
Aucun quiz correspondant
Distribution des résultats
% des personnes avec chaque résultat
Percentile par nombre de réponses
Votre historique - résultats
Vous n’avez pas pris ce quiz